[Event "13th Agzamov Memorial 2019"]
[Site "Tashkent"]
[Date "2019.03.18"]
[Round "9.2"]
[White "Kazakovskiy, Valeriy"]
[Black "Vokhidov, Shamsiddin"]
[Result "0-1"]
[WhiteElo "2456"]
[BlackElo "2494"]
[Annotator "TA"]
[PlyCount "98"]
[EventDate "2019.03.12"]
[EventType "swiss"]
[EventCountry "UZB"]
[SourceTitle "playchess.com"]
[Source "ChessBase"]
[SourceQuality "1"]

{[%evp 21,98,-4,0,-13,0,0,2,-19,-19,-28,-10,-13,-14,-16,-10,-14,-10,-10,-5,-17,0,-16,-10,-26,-8,-13,-8,-3,-8,-13,-11,-9,0,-12,-7,-20,-2,-16,0,0,0,-6,-5,-14,-14,-26,-7,-21,-19,-28,-19,-22,-24,-12,-16,-25,-14,-27,-22,-55,-57,-101,-101,-101,-101,-101,-101,-107,-92,-88,-107,-135,-135,-175,-135,-135,-135,-135,-102]} 1. d4 Nf6 2. Nf3 e6 3. c4 b6 4. g3 Ba6 5. b3 Bb4+ 6. Bd2 Be7 7. Bg2 c6 8. Nc3 d5 9. O-O O-O 10. Bf4 Nbd7 11. cxd5 cxd5 12. a4 {E07: Closed Catalan: Main Line (5 Nf3 0-0 6 0-0 Nbd7)} Nh5 13. Bd2 Bb7 (13... f5 14. Nb5 Bxb5 15. axb5 Bd6 16. Ra4 Ndf6 17. Ne5 {0-1 (60) Vila Gazquez,X (2478)-Corrales Jimenez,F (2574) Benasque 2010}) 14. Ne5 $146 {The position is equal.} ({Predecessor:} 14. Qb1 Rc8 15. Rc1 a6 16. e3 Nhf6 17. Ne1 Bd6 18. Nd3 Qe7 19. Ne2 h5 {0-1 (52) Karthik,K (2265)-Neelotpal,D (2436) Taleigao 2018}) 14... Nhf6 15. Bf4 a6 16. Qd3 Rc8 17. Rfc1 Nxe5 18. Bxe5 Qd7 19. Bf4 Rfd8 20. Bd2 h6 21. e3 Bd6 22. Ne2 Ne4 23. Be1 Qe7 24. f3 Nf6 25. Rxc8 Rxc8 26. Rc1 Re8 27. Bc3 h5 28. h4 Nd7 29. Kf2 Nb8 30. Nf4 g6 31. Qd2 Nc6 32. Rd1 Rc8 33. Rc1 Qc7 34. Bb2 b5 35. axb5 axb5 36. Bf1 b4 37. Bd3 Qb6 38. Ne2 Ba6 39. Ra1 Bb5 40. Nc1 Na5 41. Qe2 Bxd3 42. Qxd3 Qc7 $36 {[%mdl 2048] Black has strong initiative.} 43. Ne2 Qc2 44. Qxc2 Rxc2 45. Rxa5 {[#] Strongly threatening Bc1.} Rxb2 $17 {KRB-KRN} 46. Ke1 Rxb3 {Black is clearly better.} 47. Kd2 Ra3 48. Rb5 Bc7 49. f4 Kg7 {Accuracy: White = 46%, Black = 53%.} 0-1

[Event "13th Agzamov Memorial 2019"]
[Site "Tashkent"]
[Date "2019.03.18"]
[Round "9.3"]
[White "Grigoryan, Karen H."]
[Black "Khoroshev, Nikita"]
[Result "1-0"]
[WhiteElo "2571"]
[BlackElo "2410"]
[Annotator "TA"]
[PlyCount "51"]
[EventDate "2019.03.12"]
[EventType "swiss"]
[EventCountry "UZB"]
[SourceTitle "playchess.com"]
[Source "ChessBase"]
[SourceQuality "1"]

{[%evp 19,51,60,69,62,70,62,62,48,52,49,52,48,55,33,136,129,131,43,64,51,77,62,60,33,173,163,205,202,200,198,200,191,1224,1194]} 1. e4 d6 2. Nc3 Nf6 3. f4 g6 4. d4 Bg7 5. Nf3 O-O 6. Bd3 Nc6 7. e5 dxe5 8. fxe5 Nd5 9. Nxd5 Qxd5 10. c3 Bg4 11. Qe2 {B09: Pirc Defence: Austrian Attack} Rad8 12. Be4 Qd7 13. O-O {White is slightly better.} (13. Be3 f6 14. O-O-O fxe5 15. Qc4+ Kh8 16. dxe5 Nxe5 17. Nxe5 Qxd1+ 18. Rxd1 Rxd1+ {1-0 (50) Karjakin,S (2785)-Van Wely,L (2695) Wijk aan Zee 2017}) 13... f6 14. exf6 exf6 15. Bf4 Rfe8 16. Rae1 $146 ({Predecessor:} 16. Rfe1 Kh8 17. Qb5 f5 18. Bxc6 bxc6 {0-1 (29) Astrom,G (2256)-Norberg,J (2303) Sweden 2018}) 16... a6 (16... Na5 $1 $14) 17. Qc4+ $16 Kh8 18. d5 ({Better is} 18. h3 $16 Bxf3 19. Bxf3) 18... Qf7 $14 19. Qb3 Na5 $1 {[%cal Ra5b3]} 20. Qa4 b6 $1 21. Nd4 Rc8 {[#]} (21... Bd7 $14 22. Qd1 Bb5) 22. Ne6 $1 $36 {[%mdl 2048] White is in control.} Rxe6 23. dxe6 Bxe6 24. b4 Nc4 25. Qxa6 {aiming for Bd5!} f5 $2 {[#]} (25... Rf8 26. Rf3 f5) 26. Bd5 $1 {[%mdl 512] Accuracy: White = 67%, Black = 43%.} 1-0

[Event "13th Agzamov Memorial 2019"]
[Site "Tashkent"]
[Date "2019.03.18"]
[Round "9.4"]
[White "Mishuchkov, Nikolai M."]
[Black "Yakubboev, Nodirbek"]
[Result "0-1"]
[WhiteElo "2292"]
[BlackElo "2569"]
[Annotator "TA"]
[PlyCount "72"]
[EventDate "2019.03.12"]
[EventType "swiss"]
[EventCountry "UZB"]
[SourceTitle "playchess.com"]
[Source "ChessBase"]
[SourceQuality "1"]

{[%evp 14,72,-1,-10,-6,-15,-6,-10,-13,4,-2,-20,-6,-32,0,-7,0,-13,-10,0,-6,-29,-31,-28,-26,-68,0,-6,20,0,10,8,31,25,33,4,4,4,6,0,20,0,0,-128,-124,-158,-172,-218,-221,-428,-459,-466,-494,-597,-528,-523,-505,-474,-333,-1501,-1495]} 1. d4 Nf6 2. Nf3 e6 3. c4 b6 4. e3 Bb7 5. Bd3 d5 6. cxd5 exd5 7. O-O Bd6 8. b4 {LiveBook: 11 Games. E14: Queen's Indian: Classical Variation (4 e3)} (8. b3 Qe7 9. Nc3 a6 10. Bb2 Nbd7 11. Ne2 Ne4 12. Ng3 g6 13. Rc1 O-O 14. Qc2 a5 15. Rfd1 Nxg3 16. hxg3 {½-½ (36) Vidit,S (2689)-Karjakin,S (2785) Doha 2016}) 8... a6 (8... Bxb4 $2 9. Qa4+ Nc6 10. Ne5 $18) 9. Qb3 Qe7 10. a3 {The position is equal.} Nbd7 11. Nc3 O-O 12. Rb1 $146 ({Predecessor:} 12. Bb2 Rfe8 13. Bf5 Rad8 14. Rac1 Nf8 15. b5 a5 {1-0 (44) Rombaldoni,D (2418)-Njili,K (2343) France 2009}) 12... c6 13. a4 a5 14. bxa5 Rxa5 15. Bd2 Rfa8 16. Qc2 Ba6 17. Rfc1 Bxd3 18. Qxd3 R5a6 19. Be1 Qe6 (19... Ne4 $15) 20. Ng5 $11 Qg4 21. f4 Nf8 22. Nf3 c5 23. Bh4 N8d7 {[%cal Bf8d7,Bd7f6,Bf6e4][%mdl 32]} 24. Bxf6 Nxf6 25. Ne5 Qe6 26. Kh1 Bf8 27. Rd1 g6 28. Nb5 {[#]} (28. Qe2 $11) 28... Ne4 $1 $17 {[%cal Re4f2] And now ...Nf2+ would win.} ({Weaker is} 28... Rxa4 29. Nc7 $11) 29. Rf1 {White wants to play Nc7.} c4 $36 {[%mdl 2048] Black is in control.} ({Inferior is} 29... Rxa4 30. Nc7 $11) 30. Qc2 {[#]} Qf5 $1 {Hoping for ...Ng3+!} ({Much less strong is} 30... Rxa4 31. Nc7 $17) 31. Qe2 $2 (31. Kg1 Qc8 32. Ra1) 31... Rxa4 $19 32. g4 Qc8 33. f5 g5 34. f6 Ra2 35. Rb2 Ra1 36. Rfb1 $2 (36. Kg1) 36... c3 {Precision: White = 30%, Black = 57%.} 0-1

[Event "13th Agzamov Memorial 2019"]
[Site "Tashkent"]
[Date "2019.03.18"]
[Round "9.5"]
[White "Fier, Alexandr"]
[Black "Tillyaev, Ulugbek"]
[Result "1-0"]
[WhiteElo "2551"]
[BlackElo "2304"]
[Annotator "TA"]
[PlyCount "117"]
[EventDate "2019.03.12"]
[EventType "swiss"]
[EventCountry "UZB"]
[SourceTitle "playchess.com"]
[Source "ChessBase"]
[SourceQuality "1"]

{[%evp 11,117,14,18,20,62,62,70,32,37,10,22,0,10,-6,-4,0,0,0,15,28,21,20,22,11,14,0,0,0,0,-16,0,-35,-28,-44,-52,-62,-43,-73,-72,-218,-212,-232,-221,-333,-278,-338,-341,-341,-350,-344,-264,-331,-139,-135,-132,-111,37,-88,-112,-133,-118,-183,-76,-78,-19,-20,-17,-27,0,0,0,0,0,0,207,212,184,209,461,456,421,437,577,577,577,577,1063,902,872,870,902,887,1058,1054,2222,2120,1652,2433,1242,8420,5691,5435,5710,5591,12836,12835,29984,29985]} 1. Nf3 Nf6 2. c4 e6 3. g3 d5 4. Bg2 dxc4 5. Qa4+ Nbd7 6. Qxc4 a6 7. Qc2 {A13: English Opening: 1...e6} Bd6 (7... c5 8. O-O b6 9. d4 Bb7 10. Nc3 cxd4 11. Nxd4 Bxg2 12. Kxg2 Bc5 13. Rd1 Qc8 14. e4 O-O 15. Qe2 Qb7 16. f3 Ne5 17. Bf4 {0-1 (40) Matlakov,M (2700)-Duda,J (2738) St Petersburg 2018}) 8. O-O O-O 9. a4 $146 {White is slightly better.} ({Predecessor:} 9. d4 c5 10. Nbd2 Qc7 11. Nc4 cxd4 12. Nxd4 Bc5 13. Nb3 Ba7 14. Bf4 e5 15. Bd2 Nb6 16. Rfc1 Nxc4 17. Qxc4 Qxc4 18. Rxc4 {1-0 (41) Miton,K (2611)-Sandalakis,A (2444) Achaea 2016}) 9... e5 10. d3 Re8 11. Nc3 Nf8 {[%cal Bd7f8,Bf8e6,Be6c5,Bc5d3][%mdl 32]} 12. a5 c6 13. Nd2 Bc7 14. Nc4 Ne6 15. e3 h5 16. Na4 h4 17. Nab6 Rb8 18. Bd2 Nc5 19. Nxc8 Rxc8 20. Ra3 hxg3 21. fxg3 e4 $1 {[%cal Rc5d3]} 22. d4 Nd3 23. Bxe4 Nxe4 24. Rxd3 Qd5 $1 25. Bb4 (25. Ne5 $17) 25... Ng5 $19 {[%cal Rg5h3]} 26. Kf2 Nf3 ({Not} 26... c5 27. Bxc5 (27. dxc5 Qe4 $15) 27... Nf3 28. e4 $11) 27. Rc1 (27. e4 $142 Qxe4 28. Rc3 Nxh2 29. Qxe4 Rxe4 30. Rd1) 27... Nxh2 28. Ke1 Bxg3+ 29. Kd2 Nf3+ 30. Kd1 Ng1 31. Qd2 Qh5+ (31... Rcd8 $19 {and Black stays clearly on top.} 32. b3 Nh3) 32. Kc2 $17 Ne2 33. Rf1 Nxd4+ ({Better is} 33... Rcd8 $17 34. Qd1 Bc7) 34. Rxd4 (34. exd4 $14 {was forced to keep a grip.} Re2 35. Rxg3) 34... c5 {[%mdl 64] Double Attack} 35. Rd5 Qh3 36. Rdf5 (36. Qd3 $17 {might work better.} cxb4 37. Kb3) 36... cxb4 (36... Red8 $1 $19 {[%cal Rd8d2]} 37. Qe2 cxb4) 37. Qd5 {[#]} Re7 (37... Re6 $1 $17 {aiming for ...Rxc4+!} 38. Kb1 Qh4 39. Rxf7 Qe4+ 40. Qxe4 Rxe4) 38. Kb3 $11 {And now Rh1 would win.} Qg4 {Hoping for ...Rd7!} 39. Nb6 $1 {[%cal Rb6c8]} Rf8 40. Rg5 $1 $36 {[%cal Rg5g4][%mdl 2048] White is more active.} Rxe3+ 41. Ka4 $1 Qe6 {Strongly threatening ...Bh4.} 42. Rg1 $1 Be5 $2 (42... Qe8+ $1 $11 {and Black is okay.} 43. Nd7 {[#]} Be5 $1 {[%mdl 576] Pin}) 43. Qxe6 $18 fxe6 44. Nc4 {[%mdl 64] Double Attack} Bd4 $2 (44... Bf6 {was necessary.} 45. Nxe3 Bxg5 46. Rxg5 Rf4) 45. Nxe3 Rf3 46. R1g4 Bxe3 47. Rxg7+ {[%mdl 4160] Endgame Double Attack. KRR-KRB} Kf8 48. Rxb7 Bc5 49. Rc4 Rf5 50. Rc7 Be7 51. Ra7 Rd5 52. Rxa6 Kf7 53. Ra7 Kf6 54. Rf4+ Ke5 55. Rxe7 Kxf4 56. Rxe6 b3 57. a6 {[%cal Ba5a6,Ba6a7][%mdl 32]} Kf5 58. a7 Rd1 59. Ra6 {Accuracy: White = 60%, Black = 35%.} 1-0

[Event "13th Agzamov Memorial 2019"]
[Site "Tashkent"]
[Date "2019.03.18"]
[Round "9.6"]
[White "Danielyan, Vahe"]
[Black "Nigmatov, Ortik"]
[Result "1-0"]
[WhiteElo "2246"]
[BlackElo "2478"]
[Annotator "TA"]
[PlyCount "117"]
[EventDate "2019.03.12"]
[EventType "swiss"]
[EventCountry "UZB"]
[SourceTitle "playchess.com"]
[Source "ChessBase"]
[SourceQuality "1"]

{[%evp 19,117,0,0,0,0,0,72,68,69,47,52,45,64,8,82,57,64,23,0,14,150,141,124,52,41,41,129,108,112,103,130,108,195,200,181,130,163,122,179,183,163,132,187,20,12,24,24,25,29,0,0,0,37,38,55,45,131,131,131,131,131,131,131,100,131,90,124,109,122,102,118,118,128,123,129,112,119,97,116,122,431,306,452,437,605,379,641,635,635,630,616,610,535,586,477,475,452,428,996,974]} 1. e4 c5 2. Nc3 d6 3. d4 cxd4 4. Qxd4 Nc6 5. Qd2 (5. Bb5 Nf6 6. Bg5 Nd7 7. Qd2 a6 8. Be2 h6 9. Be3 e6 10. a4 b6 11. Nf3 {0-1 (61) Zvjaginsev,V (2642)-Fedoseev,V (2719) St Petersburg 2018}) 5... g6 6. b3 {B23: Closed Sicilian: Lines without g3} Bh6 7. f4 Nf6 8. Bb2 O-O 9. O-O-O a5 10. a4 Nb4 $146 {LiveBook: 7 Games} ({Predecessor:} 10... Bg4 11. Be2 Bxe2 12. Ngxe2 {½-½ (51) Studer,N (2484)-Ortiz Suarez,I (2527) Batumi 2018}) 11. Kb1 Bg4 12. Be2 Bxe2 (12... Qb6 $11) 13. Ngxe2 $16 Rc8 14. Nd4 Qb6 15. g3 Rfd8 16. Rhe1 (16. Qg2 $14) 16... Bg7 (16... e5 $1 $11 17. Ndb5 Qc5) 17. Qe2 e5 18. Ndb5 exf4 $1 19. gxf4 Nh5 (19... d5 $1 $11 {remains equal.}) 20. Qd2 Bf6 21. Nd5 ({Not} 21. Nxd6 Rxd6 22. Qxd6 Qxd6 $15) (21. Re2 $16) 21... Nxd5 $14 22. exd5 Qc5 (22... Bxb2 $14 23. Kxb2 Re8) 23. Ba3 $36 {[%mdl 2048] Keeping Black busy.} Qb6 {[#]} 24. f5 $1 {[%mdl 512]} Ng7 (24... gxf5 25. c4) 25. fxg6 hxg6 (25... fxg6 $16 {is a better defense.} 26. c4 Rd7) 26. Rf1 $18 Be5 27. h4 (27. Bc1 $18) 27... Re8 28. Rfe1 Bg3 {[#]} (28... Nh5 $16) 29. Rg1 $1 {[%cal Rg1g3]} Nh5 30. Rg2 Bf4 {[#]} (30... Rcd8 $16 {keeps fighting.}) 31. Qf2 $2 ({White has to play} 31. Qd3 $1 $18) 31... Qxf2 $11 32. Rxf2 Bg3 33. Rf3 Rcd8 34. Rdf1 Rd7 35. c4 b6 36. Rg1 Bf4 37. Bb2 Bh6 (37... Bh2 $14 38. Rd1 Be5) 38. Bd4 $16 Rb8 39. Kc2 Bg7 40. Be3 Be5 41. Kd3 Ng7 42. Bd2 Kh7 43. Rgf1 f5 44. Re1 Nh5 45. Nd4 Bxd4 46. Kxd4 Nf6 47. Re6 Ne4 48. Bf4 Rbd8 {[#]} 49. h5 $1 {[%mdl 512]} g5 $2 {[%mdl 8192]} (49... Rg8 $16 {is more resistant.} 50. Bc1 Nc5) (49... gxh5 50. Rh3) 50. Bc1 Nc5 (50... g4 {was necessary.} 51. Rxf5 Nc5) 51. Bxg5 $18 Rg8 52. Rh6+ Kg7 53. Rxf5 {White is clearly winning.} Nxb3+ 54. Ke3 Nc5 55. Bf4 Re8+ 56. Kf3 Nxa4 57. Rg6+ Kh7 58. Rff6 Nb2 (58... Nc5 $142 59. Bxd6 Re1 60. Rh6+ Kg8 61. Rfg6+ Rg7 62. Bxc5 bxc5 63. Rxg7+ Kxg7 64. Rg6+ Kf7) 59. Rg2 {Precision: White = 64%, Black = 39%.} 1-0

[Event "13th Agzamov Memorial 2019"]
[Site "Tashkent"]
[Date "2019.03.18"]
[Round "9.7"]
[White "Khusenkhojaev, Muhammad"]
[Black "Fayzullaev, Akmal"]
[Result "1/2-1/2"]
[WhiteElo "2441"]
[BlackElo "2370"]
[Annotator "TA"]
[PlyCount "82"]
[EventDate "2019.03.12"]
[EventType "swiss"]
[EventCountry "UZB"]
[SourceTitle "playchess.com"]
[Source "ChessBase"]
[SourceQuality "1"]

{[%evp 14,82,43,41,74,82,74,73,85,53,64,70,91,90,82,82,113,100,117,133,144,145,140,140,141,146,147,147,147,137,130,130,116,19,18,17,13,35,79,71,69,60,71,68,67,70,75,63,78,68,79,64,87,0,0,0,0,0,0,0,0,0,3,0,0,0,10,0,0,0,10]} 1. Nf3 Nf6 2. c4 g6 3. g3 Bg7 4. Bg2 O-O 5. d4 d6 6. O-O Nc6 7. Nc3 Bg4 8. d5 Bxf3 {E62: King's Indian: Fianchetto: 6...c6 and Panno Variation (6...Nc6) without ...a6} (8... Na5 9. b3 c5 10. dxc6 bxc6 11. Bb2 Rb8 12. Qd2 Qc7 13. Rad1 Rfd8 14. h3 Be6 15. Ba1 Nb7 16. Nd4 Bd7 17. Kh2 Nc5 {0-1 (81) Navara,D (2737)-Nakamura,H (2792) Saint Louis 2017}) 9. exf3 Nb8 10. f4 c6 {White is better.} 11. dxc6 Nxc6 12. b3 Nd7 13. Bb2 Nc5 $146 ({Predecessor:} 13... Qa5 14. Rc1 Rfd8 15. Re1 e6 16. Re2 d5 17. cxd5 Nb6 18. d6 Nd4 19. Rd2 Rxd6 {1-0 (32) Husek,Z (2240)-Janko,L (2255) Slovakia 1997}) 14. Qd2 a5 15. Nd5 Bxb2 16. Qxb2 Nb4 17. Ne3 $1 Qb6 18. Qc3 a4 {[#]} 19. a3 $1 {[%cal Ra3b4]} Nc6 20. b4 Nb3 21. Rad1 {Nd5 is the strong threat.} Ncd4 {Threatens to win with ...Ne2+.} 22. Rfe1 e6 23. Bxb7 (23. h4 $16) 23... Qxb7 $11 24. Rxd4 Nxd4 25. Qxd4 {Strongly threatening Ng4.} Qf3 26. h3 ({Don't play} 26. Qxd6 Rad8 $11) 26... h5 {[#]} 27. Nd5 $1 $36 {[%mdl 2560] White fights for an advantage.} exd5 28. Re3 {[#]} Qxe3 $1 {[%mdl 512]} 29. fxe3 (29. Qxe3 dxc4) 29... dxc4 30. Qxc4 $14 {[%mdl 4096] Endgame KQ-KRR} Rac8 {[#]} 31. Qd3 $1 Rc1+ 32. Kf2 Rfc8 $1 33. g4 (33. Qxd6 $16 {aiming for Qa6.} Ra1 34. b5) 33... hxg4 {The position is equal.} 34. hxg4 R8c3 35. Qxd6 {And now b5 would win.} Rxa3 36. Qd8+ Kg7 37. Qd4+ Kg8 38. Qd8+ Kg7 39. Qd4+ Kg8 40. Qd8+ Kg7 41. Qd4+ Kg8 {Accuracy: White = 58%, Black = 75%.} 1/2-1/2

[Event "13th Agzamov Memorial 2019"]
[Site "Tashkent"]
[Date "2019.03.18"]
[Round "9.8"]
[White "Begmuratov, Alisher"]
[Black "Urazayev, Arystanbek"]
[Result "1/2-1/2"]
[WhiteElo "2410"]
[BlackElo "2450"]
[Annotator "TA"]
[PlyCount "78"]
[EventDate "2019.03.12"]
[EventType "swiss"]
[EventCountry "UZB"]
[SourceTitle "playchess.com"]
[Source "ChessBase"]
[SourceQuality "1"]

{[%evp 11,78,-3,16,-18,7,-16,23,0,0,0,1,0,38,43,43,41,59,17,20,18,21,14,18,36,31,23,255,94,138,128,104,0,0,0,0,-29,-22,-35,2,-8,0,-22,0,0,0,0,26,0,0,0,0,0,0,0,0,0,0,0,0,0,0,0,0,0,0,0,0,0,0]} 1. Nf3 d5 2. d4 Nf6 3. Bf4 e6 4. e3 c5 5. Nbd2 Nc6 6. c3 Nh5 7. Be5 {D02: 1 d4 d5 2 Nf3 sidelines, including 2...Nf6 3 g3 and 2...Nf6 3 Bf4} Be7 8. Bd3 Nxe5 9. Nxe5 {White has an edge.} Nf6 10. O-O O-O 11. f4 b6 $146 ({Predecessor:} 11... g6 12. Rf3 Ne8 13. Rh3 f5 14. g4 Nf6 15. g5 Ne4 {0-1 (61) Fridman,D (2616)-Naiditsch,A (2706) Poznan 2014}) 12. g4 Bb7 13. Qf3 $36 {[%mdl 2048] White is pushing.} Nd7 14. Nxd7 (14. Qh3 $5 {[%cal Rh3h7]} g6 15. Ndf3 $11) 14... Qxd7 15. Qh3 {[%csl Gd3][%cal Rh3h7]} g6 16. Nf3 a5 17. Ne5 Qc7 18. g5 Rfc8 $2 (18... Ba6 $11 {and Black has nothing to worry.}) 19. Ng4 $2 (19. f5 $18 {[%cal Rf5g6]} exf5 20. Rxf5 $1 {[%mdl 512]}) 19... Ba6 20. Bxa6 Rxa6 21. Qh6 (21. Nh6+ $16 Kg7 {[#]} 22. Nxf7 $1 {[%mdl 512]}) 21... Qd8 $1 $11 22. Rf3 {Black must now prevent Rh3.} Qf8 23. Qh3 b5 24. a3 Qg7 25. Rff1 Raa8 26. Ne5 (26. Qg2 {feels hotter.} cxd4 27. Nh6+ Kh8 28. exd4 Bd6 29. Qe2) 26... b4 27. axb4 cxb4 28. cxb4 axb4 (28... Bxb4 {keeps more tension.} 29. Rac1 Bd2 30. Rcd1 Bb4 31. Qg2 Ra7) 29. Rxa8 Rxa8 {The position is equal.} 30. Rc1 Qf8 31. Qf1 Rc8 32. Rc6 Rxc6 33. Nxc6 Bd6 34. Qa6 Kg7 35. Qb7 h6 36. h4 hxg5 37. hxg5 Qh8 {Hoping for ...Qh4.} 38. Qd7 {Nd8 is the strong threat.} Qh4 39. Qxd6 {And now Kf1 would win.} Qe1+ {Accuracy: White = 50%, Black = 59%.} 1/2-1/2

[Event "13th Agzamov Memorial 2019"]
[Site "Tashkent"]
[Date "2019.03.18"]
[Round "9.9"]
[White "Yakubbaeva, Nilufar"]
[Black "Abdisalimov, Abdimalik"]
[Result "0-1"]
[WhiteElo "2008"]
[BlackElo "2375"]
[Annotator "TA"]
[PlyCount "100"]
[EventDate "2019.03.12"]
[EventType "swiss"]
[EventCountry "UZB"]
[SourceTitle "playchess.com"]
[Source "ChessBase"]
[SourceQuality "1"]

{[%evp 19,100,-9,0,0,0,-2,-7,-14,0,-36,-51,-79,-83,-86,-54,-83,-93,-93,-98,-97,-82,-71,-42,-266,-165,-166,-166,-165,-172,-169,-70,-66,-52,-57,-51,-100,-89,-80,-85,-85,-51,-39,-47,-116,-80,-77,-70,-378,-395,-395,-395,-358,-359,-330,-327,-327,-327,-327,-320,-320,-285,-297,-300,-736,-680,-680,-413,-634,-530,-1204,-1204,-1204,-293,-29976,-29977,-29977,-29978,-29979,-29980,-29980,-29980,-29980,-29981]} 1. d4 Nf6 2. Nf3 e6 3. e3 c5 4. Bd3 Nc6 5. b3 b6 6. Bb2 cxd4 7. exd4 Bb7 8. O-O Be7 9. c4 O-O 10. Nc3 d5 11. cxd5 {E14: Queen's Indian: Classical Variation (4 e3)} (11. Rc1 Rc8 12. Re1 g6 13. cxd5 Nxd5 14. Nxd5 Qxd5 15. Be4 Qd7 16. d5 exd5 17. Qxd5 Qxd5 18. Bxd5 Bb4 19. Red1 Na5 20. Bxb7 Nxb7 {1-0 (57) Anton Guijarro,D (2650)-Banikas,H (2568) Doha 2016}) 11... Nxd5 12. Nxd5 Qxd5 13. Re1 {The position is equal.} Qh5 14. Rc1 $146 ({Predecessor:} 14. Be4 Rac8 15. Qe2 Rc7 16. a3 Na5 17. Bxb7 Nxb7 18. Qd3 Bf6 {1-0 (59) Aguilera Lopez,A (2104)-Fernandez Garcia,M (2313) Madrid 2018}) 14... Nb4 15. Re5 Qh6 16. Bb1 Rac8 {Threatens to win with ...Bxf3.} 17. Nd2 {Strongly threatening Rh5.} g6 18. Re3 Rxc1 19. Bxc1 Rc8 20. Nc4 b5 21. Na5 $2 (21. Re5 $15 Qf8 22. Rxb5) 21... Ba8 22. Rc3 Qf8 23. Rxc8 Qxc8 24. a3 Nd5 (24... Qc3 $19 25. Qd2 Qc7 26. axb4 Bxb4 {[%mdl 64] Double Attack, Trapped Piece}) 25. Qc2 $15 Nc3 26. Bb2 b4 27. Bxc3 bxc3 $40 {[%mdl 128] White is in trouble.} 28. Nc4 Bd5 29. Qxc3 Qc6 30. f3 Bxa3 31. Qa1 (31. Be4 $1 $15) 31... Bxc4 32. Qxa3 Bd5 {...Qc3 is the strong threat.} 33. Qxa7 $2 {[%mdl 8192]} ({Better is} 33. Qc5 $15) 33... Qc1+ $19 {[%mdl 64] [#] Double Attack} 34. Kf2 Qxb1 35. Qb8+ Kg7 36. Qe5+ f6 37. Qc7+ Kh6 38. Qf4+ {[#]} g5 $1 {[%cal Rg5f4]} 39. Qxf6+ Qg6 ({Stronger than} 39... Kh5 40. g4+ Kh4 41. Qh6#) 40. Qf8+ Qg7 41. Qxg7+ $2 (41. Qb4) 41... Kxg7 {[%mdl 4096] Endgame KB-KP} 42. b4 Kf6 43. Ke3 (43. b5 $142 e5 44. dxe5+ Kxe5 45. Kg3) 43... Bc6 44. g3 e5 45. dxe5+ Kxe5 46. f4+ $2 (46. Kf2 $19) 46... gxf4+ {Black mates.} 47. gxf4+ Kf5 48. Kd4 Kxf4 49. Kc5 Ba8 50. b5 h5 {Accuracy: White = 35%, Black = 64%.} 0-1

[Event "13th Agzamov Memorial 2019"]
[Site "Tashkent"]
[Date "2019.03.18"]
[Round "9.10"]
[White "Ivanov, Sergey"]
[Black "Kurbonboeva, Sarvinoz"]
[Result "1-0"]
[WhiteElo "2509"]
[BlackElo "2273"]
[Annotator "TA"]
[PlyCount "105"]
[EventDate "2019.03.12"]
[EventType "swiss"]
[EventCountry "UZB"]
[SourceTitle "playchess.com"]
[Source "ChessBase"]
[SourceQuality "1"]

{[%evp 16,105,5,18,47,-20,0,8,41,10,60,55,70,63,66,67,70,75,77,72,90,65,114,45,67,44,50,45,66,28,22,16,69,53,66,79,75,49,51,59,62,38,71,52,109,92,109,47,120,128,125,131,121,125,130,127,131,101,189,191,191,198,155,10,10,10,10,10,60,10,91,109,135,60,58,58,351,345,307,254,684,60,927,884,988,977,29966,6219,5406,5197,29986,29987]} 1. d4 Nf6 2. c4 g6 3. Nc3 Bg7 4. e4 d6 5. Be2 O-O 6. Bg5 Na6 7. Nf3 h6 8. Bh4 e5 9. O-O c6 {E94: King's Indian: Classical: 6 Be2 e5 7 0-0: Various Black 7th moves} 10. Re1 (10. dxe5 $14 dxe5 11. Nxe5) 10... exd4 11. Nxd4 Qb6 {The position is equal.} 12. Nb3 Nc5 13. Nxc5 $146 ({Much worse is} 13. Qxd6 Nfxe4 14. Nxe4 Nxe4 $11) ({Predecessor:} 13. Bf1 Nxb3 14. axb3 Bg4 15. Qxd6 g5 16. Bg3 Qxb3 {0-1 (33) Bykhovsky,A (2364)-Popovic,D (2471) playchess.com INT 2005}) 13... Qxc5 14. Bg3 Ne8 15. Qd2 Be6 16. Rac1 Rd8 17. Red1 Qb4 18. b3 Kh7 19. Bf3 (19. e5 $16) 19... Rd7 $14 20. h3 Be5 21. Bf4 g5 22. Bxe5 dxe5 23. Qe3 b6 (23... Rxd1+ $11 24. Rxd1 (24. Bxd1 Qa5 $14) 24... Nf6) 24. Bg4 Rxd1+ 25. Rxd1 Ng7 26. Bf5+ Kg8 27. g4 Qe7 28. Qd2 Rc8 29. Ne2 {[%cal Bc3e2,Be2g3,Bg3e4][%mdl 32]} (29. h4 $5) 29... Kf8 ({Black should play} 29... h5 $14) 30. Ng3 $36 {[%mdl 2048] White is on the roll.} Ke8 31. Qc3 (31. Bxe6 $16 Qxe6 32. c5) 31... Bxf5 (31... f6 $14) 32. exf5 {f6! is the strong threat.} Rd8 33. Rxd8+ Kxd8 34. Ne4 Ne8 35. c5 Kc7 36. Qd3 {Threatens to win with Qa6.} Qd8 (36... b5 $16 {was necessary.}) 37. Qa6 $18 Kb8 38. cxb6 axb6 39. Kg2 ({Only move:} 39. Qc4 $1 $16 {[%cal Rc4f7]} Nf6 40. Qxc6 Nxe4 41. Qxe4) 39... Qd4 $11 40. Qc4 Qxc4 41. bxc4 {[%cal Bb3c4,Bc4c5][%mdl 4128] Endgame KN-KN} Kc7 42. Kf3 (42. h4 $5) 42... Nd6 (42... Kd7 $11 {remains equal.}) 43. c5 $16 Ne8 44. Ke3 (44. cxb6+ $1 $16 Kxb6 45. Ke3) 44... b5 $1 $14 45. Kd3 f6 $2 {[%mdl 8192]} (45... Kb8 $14) 46. Kc3 $1 $18 {[%cal Rc3b4]} Kb7 47. Kb4 Ka6 $2 (47... Nc7 48. Nxf6 Na6+ 49. Ka5 Nxc5) 48. a3 $2 (48. f3 $1 $18 Ka7 49. Ka5) 48... Kb7 $2 {[%mdl 8192]} (48... Ka7 $14) 49. Ka5 $1 Ka7 50. f3 Kb7 {[#]} 51. Nd6+ $1 Nxd6 52. cxd6 Kc8 {[#]} 53. Kb6 $1 {Accuracy: White = 62%, Black = 23%.} 1-0